Hollywood jewels : movies,jewelry,stars
| Main Author: | |
|---|---|
| Format: | Book |
| Published: |
New York :
Harry N.Abrams ,
1992
|
| Subjects: |
MARC
| LEADER | 00000cam a2200000 7i4500 | ||
|---|---|---|---|
| 001 | 0000003284 | ||
| 002 | 000003543 | ||
| 005 | 20000330.0 | ||
| 020 | |a 0810934124 | ||
| 090 | 0 | 0 | |a 739.2709730904 |b PRO |
| 100 | 1 | |a Proddow, Penny | |
| 245 | 1 | 0 | |a Hollywood jewels : |b movies,jewelry,stars |c Penny Proddow |
| 260 | |a New York : |b Harry N.Abrams , |c 1992 | ||
| 300 | |a 200p. ; |c 32cm. | ||
| 650 | 0 | 0 | |a Jewelry |z United States |x History |y 20th century |
| 999 | |a 036852 |b BUKU |c PINJAMAN |e PERPUSTAKAAN KOMUNITI PETALING JAYA | ||